[Event "Bayern-chA 79th"]
[Site "Bad Neustadt/Saale"]
[Date "2008.09.04"]
[Round "7"]
[White "Kliche, Alexander"]
[Black "Kaunzinger, Albert"]
[Result "0-1"]
[WhiteElo "2126"]
[BlackElo "2154"]
[PlyCount "54"]
[EventDate "2008.08.30"]
[EventType "swiss"]
[EventRounds "9"]
[EventCountry "GER"]
[SourceTitle "EXT 2015"]
[Source "ChessBase"]
[SourceDate "2014.11.20"]
[SourceVersion "1"]
[SourceVersionDate "2014.11.20"]
[SourceQuality "1"]

1. e4 d6 2. d4 Nf6 3. Nc3 Nbd7 4. f4 e5 5. fxe5 dxe5 6. dxe5 Nxe5 7. Qxd8+ Kxd8 8. Bf4 Ng6 9. 0-0-0+ Bd7 10. Bg3 Bb4 11. Nd5 Nxd5 12. exd5 Bd6 13. Bxd6 cxd6 14. Nf3 Ne5 15. Nxe5 dxe5 16. c4 f5 17. c5 Ke7 18. Kd2 g5 19. b4 a6 20. h4 g4 21. Bd3 e4 22. Bc2 Kf6 23. Rhf1 Ke5 24. Kc3 a5 25. a3 axb4+ 26. axb4 Ra3+ 27. Kc4 b5+ 0-1

[Event "Bayern-chA 79th"]
[Site "Bad Neustadt/Saale"]
[Date "2008.09.03"]
[Round "6"]
[White "Lentrodt, Thomas"]
[Black "Kliche, Alexander"]
[Result "1-0"]
[WhiteElo "2233"]
[BlackElo "2126"]
[PlyCount "69"]
[EventDate "2008.08.30"]
[EventType "swiss"]
[EventRounds "9"]
[EventCountry "GER"]
[SourceTitle "EXT 2015"]
[Source "ChessBase"]
[SourceDate "2014.11.20"]
[SourceVersion "1"]
[SourceVersionDate "2014.11.20"]
[SourceQuality "1"]

1. d4 d5 2. Bf4 Nf6 3. e3 e6 4. Nf3 Bd6 5. Bd3 0-0 6. Nbd2 c5 7. Bg5 Nc6 8. 0-0 h6 9. Bh4 e5 10. dxc5 Bxc5 11. e4 Be7 12. Bxf6 Bxf6 13. exd5 Qxd5 14. Ne4 Be7 15. Nf6+ Bxf6 16. Bh7+ Kxh7 17. Qxd5 Be6 18. Qe4+ Kg8 19. Rfd1 Rfd8 20. c3 Rxd1+ 21. Rxd1 Bxa2 22. Rd7 Rb8 23. c4 Na5 24. Nd2 Rc8 25. b3 b5 26. Qc2 bxc4 27. Qxa2 cxb3 28. Nxb3 Rc3 29. Qxa5 Rxb3 30. g3 e4 31. Qxa7 Rb1+ 32. Kg2 Rb2 33. Qa8+ Kh7 34. Qxe4+ Kg8 35. Qe8+ 1-0

[Event "Bayern-chA 79th"]
[Site "Bad Neustadt/Saale"]
[Date "2008.09.01"]
[Round "3"]
[White "Kliche, Alexander"]
[Black "Reich, Thomas"]
[Result "0-1"]
[WhiteElo "2126"]
[BlackElo "2348"]
[PlyCount "60"]
[EventDate "2008.08.30"]
[EventType "swiss"]
[EventRounds "9"]
[EventCountry "GER"]
[SourceTitle "EXT 2015"]
[Source "ChessBase"]
[SourceDate "2014.11.20"]
[SourceVersion "1"]
[SourceVersionDate "2014.11.20"]
[SourceQuality "1"]

1. d4 Nf6 2. Bg5 e6 3. Nf3 c5 4. Nc3 cxd4 5. Nxd4 a6 6. e4 d6 7. f3 Qb6 8. Nb3 Qc7 9. Qd2 Nbd7 10. 0-0-0 b5 11. a3 Rb8 12. Kb1 Be7 13. g4 h6 14. Bf4 Ne5 15. Bxe5 dxe5 16. Na2 Nd7 17. h4 Nf8 18. Qa5 Rb6 19. Nb4 Ng6 20. Rd3 0-0 21. Rc3 Qb7 22. Nc5 Qa7 23. Nbd3 Bxh4 24. Rb3 Rc6 25. Rc3 Bd8 26. Qb4 Be7 27. a4 Nf4 28. axb5 Nxd3 29. Bxd3 axb5 30. Qxb5 Rxc5 0-1

[Event "Bayern-chA 79th"]
[Site "Bad Neustadt/Saale"]
[Date "2008.08.31"]
[Round "2"]
[White "Jussupow, Nadejda"]
[Black "Kliche, Alexander"]
[Result "1/2-1/2"]
[WhiteElo "2123"]
[BlackElo "2126"]
[PlyCount "53"]
[EventDate "2008.08.30"]
[EventType "swiss"]
[EventRounds "9"]
[EventCountry "GER"]
[SourceTitle "EXT 2015"]
[Source "ChessBase"]
[SourceDate "2014.11.20"]
[SourceVersion "1"]
[SourceVersionDate "2014.11.20"]
[SourceQuality "1"]

1. d4 Nf6 2. Nf3 g6 3. c4 Bg7 4. Nc3 0-0 5. Bg5 d6 6. e3 Nbd7 7. Be2 c6 8. 0-0 Re8 9. Qc2 h6 10. Bh4 e5 11. dxe5 dxe5 12. Rfd1 Qc7 13. Rac1 b6 14. b4 Bb7 15. Nd2 a5 16. a3 axb4 17. axb4 Bf8 18. Bxf6 Nxf6 19. Nde4 Nxe4 20. Nxe4 Red8 21. c5 bxc5 22. Nxc5 Bxc5 23. Qxc5 Rxd1+ 24. Bxd1 Qd7 25. Bf3 Ra2 26. Qxe5 Qd2 27. Qe8+ 1/2-1/2

[Event "Bayern-chA 79th"]
[Site "Bad Neustadt/Saale"]
[Date "2008.08.30"]
[Round "1"]
[White "Kliche, Alexander"]
[Black "Roeder, Gerd"]
[Result "0-1"]
[WhiteElo "2126"]
[BlackElo "2209"]
[PlyCount "72"]
[EventDate "2008.08.30"]
[EventType "swiss"]
[EventRounds "9"]
[EventCountry "GER"]
[SourceTitle "EXT 2015"]
[Source "ChessBase"]
[SourceDate "2014.11.20"]
[SourceVersion "1"]
[SourceVersionDate "2014.11.20"]
[SourceQuality "1"]

1. e4 c5 2. Nf3 Nc6 3. Bb5 g6 4. 0-0 Bg7 5. Re1 Nf6 6. e5 Nd5 7. Nc3 Nc7 8. Bxc6 dxc6 9. Ne4 Ne6 10. d3 0-0 11. Be3 b6 12. Qd2 Nd4 13. Nxd4 cxd4 14. Bh6 c5 15. Bxg7 Kxg7 16. b4 cxb4 17. Qxb4 Bb7 18. Nc5 Bxg2 19. Kxg2 bxc5 20. Qxc5 Rc8 21. Qxa7 e6 22. Re4 Qg5+ 23. Kf1 Rfd8 24. Rae1 Rxc2 25. Rxd4 Qh5 26. Kg1 Rxa2 27. Qxa2 Rxd4 28. Re3 Rh4 29. h3 Rxh3 30. Rxh3 Qxh3 31. Qe2 h5 32. d4 Qg4+ 33. Qxg4 hxg4 34. Kf1 Kh6 35. Ke2 Kg5 36. Ke3 Kf5 0-1

[Event "Unterfranken-ch M1 59th"]
[Site "Rieneck"]
[Date "2008.03.27"]
[Round "6"]
[White "Steinhauser, Thomas"]
[Black "Kliche, Alexander"]
[Result "1/2-1/2"]
[WhiteElo "2056"]
[BlackElo "2133"]
[PlyCount "80"]
[EventDate "2008.03.24"]
[EventType "swiss"]
[EventRounds "9"]
[EventCountry "GER"]
[SourceTitle "EXT 2015"]
[Source "ChessBase"]
[SourceDate "2014.11.20"]
[SourceVersion "1"]
[SourceVersionDate "2014.11.20"]
[SourceQuality "1"]

1. e4 c5 2. d4 cxd4 3. c3 dxc3 4. Nxc3 Nc6 5. Nf3 e6 6. Bc4 Nf6 7. Qe2 Qc7 8. e5 Ng4 9. Bf4 f6 10. Nb5 Qa5+ 11. Bd2 Qb6 12. exf6 Nxf6 13. 0-0 d5 14. Bf4 Nh5 15. Be3 Bc5 16. Bxc5 Qxc5 17. Bxd5 0-0 18. Bxe6+ Kh8 19. Qc4 Qb6 20. Bxc8 Raxc8 21. Nd6 Rc7 22. Qh4 Nf4 23. Rae1 h6 24. Re4 Nd3 25. Qh5 Nd8 26. Nc4 Qc6 27. Qg4 Nf7 28. Rd1 Rd8 29. h3 Rcd7 30. Rf1 b5 31. Nce5 Nfxe5 32. Nxe5 Nxe5 33. Rxe5 Rd2 34. Re7 Qf6 35. Rxa7 Rxb2 36. Qe4 Rf8 37. Qe3 Qg6 38. Qa3 Qf6 39. Qc5 b4 40. Ra6 Qf4 1/2-1/2

[Event "Unterfranken-ch M1 59th"]
[Site "Rieneck"]
[Date "2008.03.26"]
[Round "4"]
[White "Jahrsdoerfer, Gerd"]
[Black "Kliche, Alexander"]
[Result "1/2-1/2"]
[WhiteElo "2143"]
[BlackElo "2133"]
[PlyCount "41"]
[EventDate "2008.03.24"]
[EventType "swiss"]
[EventRounds "9"]
[EventCountry "GER"]
[SourceTitle "EXT 2015"]
[Source "ChessBase"]
[SourceDate "2014.11.20"]
[SourceVersion "1"]
[SourceVersionDate "2014.11.20"]
[SourceQuality "1"]

1. e4 c5 2. c3 Nf6 3. e5 Nd5 4. Nf3 Nc6 5. d4 cxd4 6. Bc4 Nb6 7. Bb3 d5 8. exd6 Qxd6 9. 0-0 Bf5 10. Nxd4 Nxd4 11. cxd4 e6 12. Qf3 Qxd4 13. Nc3 Bb4 14. Be3 Qd7 15. Rfd1 Qc6 16. Nd5 Nxd5 17. Bxd5 exd5 18. Qxf5 0-0 19. Qxd5 Qa6 20. Rd4 Be7 21. Qb3 1/2-1/2

[Event "Unterfranken-ch M1 59th"]
[Site "Rieneck"]
[Date "2008.03.24"]
[Round "1"]
[White "Kliche, Alexander"]
[Black "Basel, Matthias"]
[Result "1/2-1/2"]
[WhiteElo "2133"]
[BlackElo "2013"]
[PlyCount "81"]
[EventDate "2008.03.24"]
[EventType "swiss"]
[EventRounds "9"]
[EventCountry "GER"]
[SourceTitle "EXT 2015"]
[Source "ChessBase"]
[SourceDate "2014.11.20"]
[SourceVersion "1"]
[SourceVersionDate "2014.11.20"]
[SourceQuality "1"]

1. c4 Nf6 2. Nc3 g6 3. g3 Bg7 4. Bg2 0-0 5. e3 c6 6. d4 d5 7. Qb3 dxc4 8. Qxc4 Be6 9. Qd3 Nbd7 10. Nge2 Nb6 11. 0-0 Qc8 12. Rd1 Bc4 13. Qc2 a5 14. b3 Ba6 15. Bb2 Rd8 16. Rac1 a4 17. Nf4 Bh6 18. Nd3 a3 19. Ba1 Nbd5 20. Nxd5 Nxd5 21. Qd2 Qe6 22. Nc5 Qc8 23. Nxa6 Rxa6 24. Rc5 e6 25. Bxd5 exd5 26. Rdc1 Bf8 27. Ra5 Qa8 28. Bc3 Bd6 29. Rxa6 Qxa6 30. Bb4 h5 31. h4 Bc7 32. Rc5 Ra8 33. Qc1 Qb6 34. Qd2 Qa7 35. Rc2 Qb8 36. Kg2 Kg7 37. Qc1 Bd6 38. Bxd6 Qxd6 39. Rc5 Qe6 40. Qc2 Ra6 41. Kh2 1/2-1/2

[Event "Regionalliga NW 0708"]
[Site "Bayern"]
[Date "2008.01.20"]
[Round "5.3"]
[White "Kliche, Alexander"]
[Black "Hefter, Franz"]
[Result "1-0"]
[WhiteElo "2108"]
[BlackElo "1894"]
[PlyCount "59"]
[EventDate "2007.10.21"]
[EventType "team-tourn"]
[EventRounds "9"]
[EventCountry "GER"]
[SourceTitle "EXT 2009"]
[Source "ChessBase"]
[SourceDate "2008.11.26"]
[SourceVersion "1"]
[SourceVersionDate "2008.11.26"]
[SourceQuality "1"]
[WhiteTeam "Kitzingen"]
[BlackTeam "Schweinheim"]
[WhiteTeamCountry "GER"]
[BlackTeamCountry "GER"]

1. d4 Nf6 2. c4 g6 3. Nc3 d5 4. cxd5 Nxd5 5. e4 Nxc3 6. bxc3 Bg7 7. Nf3 0-0 8. Rb1 c5 9. Be3 Nc6 10. Qd2 cxd4 11. cxd4 b6 12. d5 Na5 13. Be2 Bb7 14. Nd4 Rc8 15. 0-0 Nc4 16. Bxc4 Rxc4 17. Rbc1 Rxc1 18. Rxc1 Qd7 19. Nc6 Ba6 20. Qb4 Re8 21. Bf4 Bf8 22. Ne5 Qb5 23. Qxb5 Bxb5 24. Rc7 e6 25. Ng4 Bg7 26. d6 e5 27. Bg5 h5 28. Nf6+ Bxf6 29. Bxf6 Bd3 30. d7 1-0